[Event "Oberliga Ost-A 2122"]
[Site "Germany"]
[Date "2022.06.19"]
[Round "5.8"]
[White "Fischer, Erik"]
[Black "Englert, Luca"]
[Result "1/2-1/2"]
[WhiteElo "2026"]
[BlackElo "1727"]
[PlyCount "59"]
[EventDate "2021.10.10"]
[EventType "team-tourn"]
[EventRounds "11"]
[EventCountry "GER"]
[SourceTitle "EXT 2023"]
[Source "ChessBase"]
[SourceDate "2022.10.05"]
[SourceVersion "1"]
[SourceVersionDate "2022.10.05"]
[SourceQuality "1"]
[WhiteTeam "Plauen Koenig"]
[BlackTeam "Leipzig VfB"]
[WhiteTeamCountry "GER"]
[BlackTeamCountry "GER"]

1. e4 c5 2. Nf3 d6 3. Bb5+ Nd7 4. 0-0 Ngf6 5. Re1 e6 6. c3 Be7 7. d4 0-0 8. a4 a6 9. Bd3 e5 10. dxe5 Nxe5 11. Nxe5 dxe5 12. Qe2 Be6 13. Nd2 Qc7 14. Nf1 Rfd8 15. Bc2 Qc6 16. c4 Rab8 17. a5 Ne8 18. Ba4 Qc7 19. Bxe8 Rxe8 20. Bd2 Rbd8 21. Bc3 Bg5 22. Red1 f6 23. Ng3 g6 24. b3 Kf7 25. Qc2 Bg4 26. Rd5 Be6 27. Rdd1 Bg4 28. Rd5 Ke7 29. Bb2 Kf7 30. Bc3 1/2-1/2

[Event "Oberliga Ost-A 2122"]
[Site "Germany"]
[Date "2022.06.18"]
[Round "4.8"]
[White "Pannier, Thomas"]
[Black "Fischer, Erik"]
[Result "0-1"]
[WhiteElo "1779"]
[BlackElo "2026"]
[PlyCount "46"]
[EventDate "2021.10.10"]
[EventType "team-tourn"]
[EventRounds "11"]
[EventCountry "GER"]
[SourceTitle "EXT 2023"]
[Source "ChessBase"]
[SourceDate "2022.10.05"]
[SourceVersion "1"]
[SourceVersionDate "2022.10.05"]
[SourceQuality "1"]
[WhiteTeam "Dessau"]
[BlackTeam "Plauen Koenig"]
[WhiteTeamCountry "GER"]
[BlackTeamCountry "GER"]

1. Nf3 d5 2. d4 Nf6 3. g3 Bf5 4. Bg2 e6 5. 0-0 h6 6. c4 c6 7. Qb3 Qb6 8. Nc3 Be7 9. Re1 Qxb3 10. axb3 Bc2 11. Nd2 0-0 12. c5 Na6 13. Ra4 Nc7 14. Ra2 a5 15. Na4 Nd7 16. f4 Rfb8 17. e3 b6 18. cxb6 Nxb6 19. Bf3 Nd7 20. Bd1 Bxd1 21. Rxd1 Na6 22. Kf1 Nb4 23. Ra1 Nc2 0-1

[Event "Oberliga Ost-A 2122"]
[Site "Germany"]
[Date "2022.05.01"]
[Round "3.8"]
[White "Gempe, Anet"]
[Black "Fischer, Erik"]
[Result "1/2-1/2"]
[WhiteElo "1979"]
[BlackElo "2026"]
[PlyCount "52"]
[EventDate "2021.10.10"]
[EventType "team-tourn"]
[EventRounds "11"]
[EventCountry "GER"]
[SourceTitle "EXT 2023"]
[Source "ChessBase"]
[SourceDate "2022.10.05"]
[SourceVersion "1"]
[SourceVersionDate "2022.10.05"]
[SourceQuality "1"]
[WhiteTeam "Leipzig SG II"]
[BlackTeam "Plauen Koenig"]
[WhiteTeamCountry "GER"]
[BlackTeamCountry "GER"]

1. e4 c5 2. Nf3 e6 3. a3 Nc6 4. d4 cxd4 5. Nxd4 Qc7 6. Nc3 a6 7. Be3 b5 8. Be2 Bb7 9. 0-0 Nf6 10. Nb3 Ne5 11. f3 Be7 12. Qe1 Rc8 13. Qf2 d5 14. exd5 Nxd5 15. Nxd5 Bxd5 16. Nd4 0-0 17. c3 Bd6 18. Kh1 Rb8 19. Nc2 a5 20. Nd4 Nc4 21. Bxc4 Bxc4 22. Rfd1 Be5 23. Rd2 Rfc8 24. Rad1 Bd5 25. f4 Bd6 26. Nf5 Bf8 1/2-1/2

[Event "Oberliga Ost-A 1920"]
[Site "Germany"]
[Date "2021.07.18"]
[Round "11.2"]
[White "Cerveny, Martin"]
[Black "Fischer, Erik"]
[Result "1-0"]
[WhiteElo "2375"]
[BlackElo "2014"]
[PlyCount "73"]
[EventDate "2019.09.29"]
[EventType "team-tourn"]
[EventRounds "11"]
[EventCountry "GER"]
[SourceTitle "EXT 2023"]
[Source "ChessBase"]
[SourceDate "2022.10.05"]
[SourceVersion "1"]
[SourceVersionDate "2022.10.05"]
[SourceQuality "1"]
[WhiteTeam "Aue Nickelhuette II"]
[BlackTeam "Plauen Koenig II"]
[WhiteTeamCountry "GER"]
[BlackTeamCountry "GER"]

1. Nf3 Nf6 2. c4 e6 3. d4 d5 4. Nc3 c6 5. e3 Nbd7 6. Bd3 dxc4 7. Bxc4 b5 8. Bd3 Bd6 9. Qc2 Bb7 10. Bd2 Rc8 11. a3 a6 12. b4 e5 13. 0-0 0-0 14. Ne4 Nxe4 15. Bxe4 g6 16. Rad1 Qe7 17. Bc3 Rc7 18. Rfe1 Re8 19. h4 Rcc8 20. h5 Bb8 21. Bb2 f5 22. Qb3+ Kf8 23. Bb1 e4 24. Ba2 Kg7 25. d5+ Kh6 26. dxc6 Bxc6 27. Nd4 Ne5 28. hxg6 hxg6 29. g3 Nf3+ 30. Kg2 Nxe1+ 31. Rxe1 Qb7 32. Rh1+ Kg5 33. Ne6+ Rxe6 34. Qxe6 Rf8 35. Rh8 Rxh8 36. Qf6+ Kh6 37. Qh4# 1-0

[Event "Olomouc op 22nd"]
[Site "Olomouc"]
[Date "2019.08.17"]
[Round "9"]
[White "Fischer, Erik"]
[Black "Bednar, Jan"]
[Result "1/2-1/2"]
[WhiteElo "1935"]
[BlackElo "2066"]
[PlyCount "55"]
[EventDate "2019.08.10"]
[EventType "swiss"]
[EventRounds "9"]
[EventCountry "CZE"]
[SourceTitle "CBM 191 Extra"]
[Source "ChessBase"]
[SourceDate "2019.09.30"]
[SourceVersion "1"]
[SourceVersionDate "2019.09.30"]
[SourceQuality "1"]

1. e4 c5 2. Nf3 d6 3. Bb5+ Bd7 4. Bxd7+ Qxd7 5. c4 Nf6 6. Nc3 g6 7. d4 cxd4 8. Nxd4 Bg7 9. f3 0-0 10. Be3 Nc6 11. 0-0 Rac8 12. Rc1 Rfd8 13. b3 e6 14. Qe2 Nxe4 15. fxe4 Nxd4 16. Qf2 Nc6 17. Rfd1 b6 18. Bg5 f6 19. Bf4 Ne5 20. Nb5 Qe7 21. Rc2 Bf8 22. Rcd2 Qb7 23. Bxe5 fxe5 24. Qf6 Qf7 25. Qxf7+ Kxf7 26. Nxd6+ Bxd6 27. Rxd6 Rxd6 28. Rxd6 1/2-1/2

[Event "Olomouc op 22nd"]
[Site "Olomouc"]
[Date "2019.08.14"]
[Round "6"]
[White "Fischer, Erik"]
[Black "Srinivasa Rao, M."]
[Result "0-1"]
[WhiteElo "1935"]
[BlackElo "2090"]
[PlyCount "90"]
[EventDate "2019.08.10"]
[EventType "swiss"]
[EventRounds "9"]
[EventCountry "CZE"]
[SourceTitle "CBM 191 Extra"]
[Source "ChessBase"]
[SourceDate "2019.09.30"]
[SourceVersion "1"]
[SourceVersionDate "2019.09.30"]
[SourceQuality "1"]

1. e4 c5 2. Nf3 a6 3. c3 e6 4. d4 d5 5. exd5 exd5 6. Bd3 cxd4 7. cxd4 Bb4+ 8. Bd2 Qe7+ 9. Qe2 Qxe2+ 10. Kxe2 Nc6 11. h3 Nge7 12. Re1 0-0 13. Nc3 Bf5 14. Bxf5 Nxf5 15. Kd3 Rfd8 16. Rac1 Ba5 17. a3 Bxc3 18. Bxc3 f6 19. Re2 Re8 20. Rxe8+ Rxe8 21. Rd1 Kf7 22. Rb1 Nd6 23. b3 h5 24. Nd2 Ne4 25. Nxe4 dxe4+ 26. Ke2 Ne7 27. Bb4 Rc8 28. Bxe7 Kxe7 29. Kd2 Kd6 30. f3 Kd5 31. Re1 f5 32. fxe4+ fxe4 33. Rf1 e3+ 34. Kd3 Re8 35. Rf5+ Kd6 36. Ke2 g6 37. Rf3 Re4 38. Rxe3 Rxd4 39. Rg3 Re4+ 40. Kd3 Re6 41. Rg5 Ke7 42. Kd4 Kf6 43. h4 Re2 44. g4 Rh2 45. Rd5 Rd2+ 0-1

[Event "Hradec Kralove op 9th"]
[Site "Hradec Kralove"]
[Date "2018.10.07"]
[Round "9"]
[White "Fischer, Erik"]
[Black "Vochozka, Jindrich"]
[Result "1/2-1/2"]
[WhiteElo "1947"]
[BlackElo "1795"]
[PlyCount "59"]
[EventDate "2018.09.30"]
[EventType "swiss"]
[EventRounds "9"]
[EventCountry "CZE"]
[SourceTitle "CBM 186 Extra"]
[Source "ChessBase"]
[SourceDate "2018.08.24"]
[SourceVersion "1"]
[SourceVersionDate "2018.08.24"]
[SourceQuality "1"]

1. Nf3 e6 2. c4 Nf6 3. b3 b6 4. g3 Bb7 5. Bg2 c5 6. 0-0 Nc6 7. Bb2 Qc7 8. e3 Be7 9. Nc3 a6 10. Qe2 0-0 11. Rfd1 Rfd8 12. d4 cxd4 13. Nxd4 Nxd4 14. Rxd4 Bxg2 15. Kxg2 Qb7+ 16. e4 Bc5 17. Rd2 b5 18. f3 bxc4 19. bxc4 Qb6 20. e5 Ne8 21. Ne4 Be7 22. Rc1 Rab8 23. c5 Qb5 24. Rdc2 Nc7 25. Qd2 Nd5 26. Nc3 Nxc3 27. Rxc3 Qc6 28. Rd3 Rb5 29. Bd4 h6 30. Qe3 1/2-1/2

[Event "Hradec Kralove op 9th"]
[Site "Hradec Kralove"]
[Date "2018.10.05"]
[Round "7"]
[White "Fischer, Erik"]
[Black "Michel, Ladislav"]
[Result "1-0"]
[WhiteElo "1947"]
[BlackElo "1809"]
[PlyCount "75"]
[EventDate "2018.09.30"]
[EventType "swiss"]
[EventRounds "9"]
[EventCountry "CZE"]
[SourceTitle "CBM 186 Extra"]
[Source "ChessBase"]
[SourceDate "2018.08.24"]
[SourceVersion "1"]
[SourceVersionDate "2018.08.24"]
[SourceQuality "1"]

1. e4 c5 2. Nf3 Nc6 3. Bb5 e6 4. Bxc6 bxc6 5. d3 d5 6. c4 Qa5+ 7. Bd2 Qb6 8. b3 d4 9. 0-0 Bd6 10. e5 Bb8 11. Re1 Ne7 12. Ng5 h6 13. Nh3 Ng6 14. f4 a5 15. a4 Ra7 16. Bc1 Rb7 17. Nd2 Ne7 18. Rb1 Nf5 19. Ne4 Qb4 20. Bd2 Qb6 21. Qf3 Bd7 22. g4 Nh4 23. Qf2 Ng6 24. Ng3 Qd8 25. Kg2 Nh4+ 26. Kh1 Ng6 27. Ng1 Bc7 28. Ne4 Qe7 29. Nf3 0-0 30. Rb2 Rfb8 31. Reb1 f6 32. exf6 gxf6 33. Nh4 Nxh4 34. Qxh4 Kg7 35. g5 fxg5 36. Rg1 Rxb3 37. Rxb3 Rxb3 38. Nxg5 1-0

[Event "Leipzig VfB op 25th"]
[Site "Leipzig"]
[Date "2018.03.24"]
[Round "7"]
[White "Naumann, Peter"]
[Black "Fischer, Erik"]
[Result "0-1"]
[WhiteElo "1750"]
[BlackElo "1942"]
[PlyCount "47"]
[EventDate "2018.03.20"]
[EventType "swiss"]
[EventRounds "9"]
[EventCountry "GER"]
[SourceTitle "CBM 183 Extra"]
[Source "ChessBase"]
[SourceDate "2018.04.19"]
[SourceVersion "1"]
[SourceVersionDate "2018.04.19"]
[SourceQuality "1"]

1. d4 Nf6 2. c4 c5 3. d5 e6 4. Nc3 exd5 5. Nxd5 Nxd5 6. cxd5 d6 7. e4 g6 8. Nf3 Bg7 9. Bd3 0-0 10. 0-0 a6 11. a4 Bg4 12. h3 Bxf3 13. Qxf3 Nd7 14. Qe2 Re8 15. Rb1 Qc7 16. Bf4 Nf6 17. Qc2 Rab8 18. b4 c4 19. b5 axb5 20. axb5 Rbc8 21. Rfc1 Qd7 22. Be2 Nxe4 23. Bxc4 Nc3 24. Bh6 0-1

[Event "Leipzig VfB op 25th"]
[Site "Leipzig"]
[Date "2018.03.21"]
[Round "3"]
[White "Ehrich, Dieter"]
[Black "Fischer, Erik"]
[Result "0-1"]
[WhiteElo "1620"]
[BlackElo "1942"]
[PlyCount "50"]
[EventDate "2018.03.20"]
[EventType "swiss"]
[EventRounds "9"]
[EventCountry "GER"]
[SourceTitle "CBM 183 Extra"]
[Source "ChessBase"]
[SourceDate "2018.04.19"]
[SourceVersion "1"]
[SourceVersionDate "2018.04.19"]
[SourceQuality "1"]

1. c4 Nf6 2. g3 c5 3. Bg2 d5 4. Nf3 Nc6 5. 0-0 e5 6. d3 Be7 7. cxd5 Nxd5 8. Nc3 Nc7 9. Be3 Bd7 10. Ne4 b6 11. Nfd2 0-0 12. Nc4 Rb8 13. Nc3 f6 14. f4 b5 15. Nd2 Nd4 16. fxe5 fxe5 17. Rxf8+ Bxf8 18. Bxd4 exd4 19. Nce4 Rc8 20. Nf3 h6 21. Ne5 Qe7 22. Nxd7 Qxd7 23. Qb3+ Kh8 24. Nd2 Qe8 25. Re1 Qe3+ 0-1

[Event "GER-chT U20"]
[Site "Duesseldorf"]
[Date "2017.12.27"]
[Round "1.2"]
[White "Fischer, Erik"]
[Black "Heinemann, Josefine"]
[Result "1/2-1/2"]
[WhiteElo "1953"]
[BlackElo "2245"]
[PlyCount "147"]
[EventDate "2017.12.27"]
[EventType "team-swiss"]
[EventRounds "7"]
[EventCountry "GER"]
[SourceTitle "CBM 182 Extra"]
[Source "ChessBase"]
[SourceDate "2018.02.23"]
[SourceVersion "1"]
[SourceVersionDate "2018.02.23"]
[SourceQuality "1"]
[WhiteTeam "Plauen Koenig U20"]
[BlackTeam "Baden-Baden U20"]
[WhiteTeamCountry "GER"]
[BlackTeamCountry "GER"]

1. e4 c5 2. Nf3 d6 3. Bb5+ Nd7 4. 0-0 a6 5. Bxd7+ Bxd7 6. d4 cxd4 7. Qxd4 e5 8. Qd3 Rc8 9. Nc3 h6 10. Be3 Nf6 11. Nd2 Qc7 12. Rfd1 Be7 13. a4 0-0 14. a5 Be6 15. Bb6 Qc6 16. Nf1 Nd7 17. Ne3 Nxb6 18. axb6 Rfe8 19. Ncd5 Bxd5 20. Nxd5 Qxc2 21. Nc7 Qxd3 22. Rxd3 Red8 23. Kf1 Kf8 24. Rad1 g6 25. f3 d5 26. Rxd5 Rxd5 27. Rxd5 Rd8 28. Ke2 Rxd5 29. Nxd5 Bc5 30. Kd3 Bd4 31. b3 Ke8 32. Nf6+ Ke7 33. Ng8+ Ke6 34. Nxh6 Bxb6 35. h3 Bg1 36. Ng4 b5 37. Ne3 a5 38. Nd5 Kd6 39. Kc3 Bd4+ 40. Kd3 Bf2 41. Kc3 Kc5 42. Kd3 Bh4 43. Kc3 Bd8 44. g3 f5 45. Kd3 fxe4+ 46. fxe4 Kc6 47. Kc3 Kd6 48. Kc2 Bg5 49. Kc3 Bc1 50. b4 a4 51. Kc2 Bh6 52. Kb2 Bf8 53. Kc2 Kd7 54. Kb2 Bh6 55. Kc2 Kd6 56. Kc3 Bc1 57. Kc2 Bg5 58. Kc3 Bh6 59. Kc2 Bf8 60. Kc3 Kd7 61. Nf6+ Ke6 62. Nd5 Bd6 63. Kb2 Kd7 64. Kc3 Bb8 65. Nf6+ Kd6 66. Nd5 Ba7 67. Kc2 Bf2 68. g4 Be1 69. Kb2 Bf2 70. Ka3 Bh4 71. Nc3 Kc6 72. Nd5 Kd6 73. Nc3 Kc6 74. Nd5 1/2-1/2

[Event "Olomouc Summer op 20th"]
[Site "Olomouc"]
[Date "2017.08.18"]
[Round "8"]
[White "Ochmann, Reimund"]
[Black "Fischer, Erik"]
[Result "0-1"]
[WhiteElo "2049"]
[BlackElo "1937"]
[PlyCount "102"]
[EventDate "2017.08.12"]
[EventType "swiss"]
[EventRounds "9"]
[EventCountry "CZE"]
[SourceTitle "CBM 180 Extra"]
[Source "ChessBase"]
[SourceDate "2017.10.06"]
[SourceVersion "1"]
[SourceVersionDate "2017.10.06"]
[SourceQuality "1"]

1. e4 c5 2. c3 Nf6 3. e5 Nd5 4. d4 cxd4 5. cxd4 d6 6. Nf3 Nc6 7. exd6 Qxd6 8. Nc3 Bg4 9. Be2 e6 10. 0-0 Be7 11. a3 0-0 12. Be3 Rfd8 13. Qd2 Rac8 14. Nxd5 Qxd5 15. h3 Bh5 16. b4 a6 17. Rac1 b5 18. Qb2 Bg6 19. Rfd1 Be4 20. Ne1 Bf6 21. Bf3 Bxf3 22. Nxf3 Ne7 23. Qd2 Qb7 24. Bg5 Bxg5 25. Qxg5 h6 26. Qh4 Nf5 27. Qf4 Rc4 28. Rxc4 bxc4 29. Ne5 Qd5 30. Nf3 Rc8 31. g4 g5 32. Qc1 Qxf3 33. gxf5 Qxf5 34. Qc3 Kh7 35. a4 h5 36. Kf1 g4 37. hxg4 Qxg4 38. Re1 h4 39. Qc2+ Qg6 40. Re4 Kg8 41. Qe2 Qh6 42. d5 h3 43. Rg4+ Kf8 44. Qe5 exd5 45. Qf5 Qc1+ 46. Ke2 Re8+ 47. Kf3 h2 48. Rg2 h1Q 49. Qf6 Qcd1+ 50. Kg3 Qd3+ 51. f3 Qg6+ 0-1

[Event "Olomouc Summer op 20th"]
[Site "Olomouc"]
[Date "2017.08.13"]
[Round "3"]
[White "Schmid, Thomas2222"]
[Black "Fischer, Erik"]
[Result "1-0"]
[WhiteElo "2127"]
[BlackElo "1937"]
[PlyCount "93"]
[EventDate "2017.08.12"]
[EventType "swiss"]
[EventRounds "9"]
[EventCountry "CZE"]
[SourceTitle "CBM 180 Extra"]
[Source "ChessBase"]
[SourceDate "2017.10.06"]
[SourceVersion "1"]
[SourceVersionDate "2017.10.06"]
[SourceQuality "1"]

1. e4 c6 2. Nc3 d5 3. Nf3 dxe4 4. Nxe4 Bg4 5. h3 Bxf3 6. Qxf3 Nd7 7. d4 Ngf6 8. Bc4 e6 9. 0-0 Be7 10. Rd1 0-0 11. Bf4 Nxe4 12. Qxe4 Nf6 13. Qf3 Nd5 14. Be5 Bd6 15. Bd3 Bxe5 16. dxe5 Qg5 17. Qe4 g6 18. h4 Qf4 19. g3 Qxe4 20. Bxe4 Rfd8 21. Rd4 Kf8 22. c3 Ke7 23. Rad1 Nc7 24. Kf1 Nb5 25. R4d3 Rxd3 26. Bxd3 Rd8 27. Ke2 Nc7 28. h5 c5 29. Rh1 Rd5 30. f4 Rd8 31. hxg6 hxg6 32. Bxg6 Rg8 33. Be4 Rxg3 34. Bxb7 Nd5 35. Bxd5 exd5 36. Rh6 Rg2+ 37. Kd3 Rxb2 38. Ra6 Rb6 39. Rxa7+ Ke6 40. a4 f6 41. a5 Rc6 42. exf6 Kxf6 43. Rh7 Rc8 44. a6 d4 45. a7 dxc3 46. Kxc3 Kf5 47. Rb7 1-0

[Event "Leipzig VfB op 24th"]
[Site "Leipzig"]
[Date "2017.03.22"]
[Round "3"]
[White "Fischer, Erik"]
[Black "Ortlepp, Konstanze"]
[Result "1-0"]
[WhiteElo "1869"]
[BlackElo "1601"]
[PlyCount "85"]
[EventDate "2017.03.21"]
[EventType "swiss"]
[EventRounds "9"]
[EventCountry "GER"]
[SourceTitle "EXT 2018"]
[Source "ChessBase"]
[SourceDate "2017.10.13"]
[SourceVersion "1"]
[SourceVersionDate "2017.10.13"]
[SourceQuality "1"]

1. e4 e5 2. Nf3 Nc6 3. Bc4 Nf6 4. d3 Be7 5. Nbd2 d5 6. Bb5 Bd6 7. c3 0-0 8. 0-0 dxe4 9. dxe4 Bd7 10. Qe2 Ne7 11. Bd3 Ng6 12. Nc4 Re8 13. Nxd6 cxd6 14. Bc2 Bc6 15. Rd1 Qe7 16. g3 Rad8 17. c4 Qe6 18. Ng5 Qe7 19. b3 h6 20. Nf3 Qe6 21. Nd2 Qe7 22. Nf1 Bd7 23. Ba3 Bc8 24. Rd2 Rd7 25. Rad1 Red8 26. Ne3 Qe6 27. Nf5 Ne8 28. b4 Ne7 29. Ne3 Nc6 30. Nf5 Ne7 31. Ba4 Rc7 32. Ne3 Bd7 33. Bb3 Qf6 34. Bb2 Nc6 35. Nd5 Qg6 36. Nxc7 Nxc7 37. b5 Nd4 38. Bxd4 exd4 39. Rxd4 Bg4 40. f3 Bh3 41. c5 Ne6 42. Rxd6 Re8 43. c6 1-0

[Event "GER-chT U20"]
[Site "Borken"]
[Date "2016.12.30"]
[Round "7.2"]
[White "Diyap, Murat"]
[Black "Fischer, Erik"]
[Result "1-0"]
[WhiteElo "2107"]
[BlackElo "1909"]
[PlyCount "78"]
[EventDate "2016.12.27"]
[EventType "team-swiss"]
[EventRounds "7"]
[EventCountry "GER"]
[SourceTitle "EXT 2018"]
[Source "ChessBase"]
[SourceDate "2017.10.13"]
[SourceVersion "1"]
[SourceVersionDate "2017.10.13"]
[SourceQuality "1"]
[WhiteTeam "Frankfurt"]
[BlackTeam "Plauen Koenig"]
[WhiteTeamCountry "GER"]
[BlackTeamCountry "GER"]

1. e4 c5 2. Nf3 e6 3. d4 cxd4 4. Nxd4 Nc6 5. g3 Qc7 6. Nc3 a6 7. Bg2 Nf6 8. 0-0 Be7 9. Nb3 0-0 10. Qe2 b5 11. Bf4 e5 12. Bg5 b4 13. Nd1 a5 14. Qd2 d6 15. c3 Be6 16. Nc1 Rfd8 17. Qd3 d5 18. Bxf6 dxe4 19. Qxe4 Bd5 20. Bxe7 Bxe4 21. Bxd8 Rxd8 22. Bxe4 Ne7 23. cxb4 axb4 24. Ne3 f5 25. Nxf5 Nxf5 26. Bxf5 Rd2 27. Nd3 g6 28. Be4 Qc4 29. Rfe1 Qd4 30. a4 bxa3 31. bxa3 Rxd3 32. Bxd3 Qxd3 33. a4 Qa6 34. a5 Kg7 35. Rxe5 Kh6 36. Re4 Kg7 37. Rb4 Qf6 38. Rbb1 Qa6 39. Rb6 Qa7 1-0

[Event "GER-chT U20"]
[Site "Borken"]
[Date "2016.12.28"]
[Round "3.2"]
[White "Fischer, Erik"]
[Black "Doering, Andre Patrick"]
[Result "1-0"]
[WhiteElo "1909"]
[BlackElo "1784"]
[PlyCount "91"]
[EventDate "2016.12.27"]
[EventType "team-swiss"]
[EventRounds "7"]
[EventCountry "GER"]
[SourceTitle "EXT 2018"]
[Source "ChessBase"]
[SourceDate "2017.10.13"]
[SourceVersion "1"]
[SourceVersionDate "2017.10.13"]
[SourceQuality "1"]
[WhiteTeam "Plauen Koenig"]
[BlackTeam "Berlin Mattnetz"]
[WhiteTeamCountry "GER"]
[BlackTeamCountry "GER"]

1. e4 d5 2. exd5 Qxd5 3. Nc3 Qd6 4. d4 Nf6 5. Bd3 a6 6. Nge2 Nc6 7. 0-0 Bg4 8. f3 Bh5 9. Be3 e6 10. Qd2 Qd7 11. a3 Bd6 12. Ne4 Nd5 13. Nxd6+ cxd6 14. Bf2 Nf6 15. Bh4 Bg6 16. Rfe1 Ne7 17. c4 0-0 18. Bxf6 gxf6 19. Ng3 Kg7 20. Qe3 d5 21. c5 Qc7 22. b4 h5 23. Bxg6 Kxg6 24. Qd3+ f5 25. Ne2 Kf6 26. a4 Ng6 27. Kh1 Rg8 28. Qd2 Rg7 29. Rg1 Rag8 30. Raf1 Rh8 31. Rf2 h4 32. f4 Ke7 33. b5 axb5 34. axb5 Ra8 35. Qb4 Kd7 36. Rc1 Ne7 37. h3 Ra2 38. Qc3 Rg3 39. Nxg3 Rxf2 40. Nh5 Ra2 41. Ra1 Rxa1+ 42. Qxa1 Ng8 43. Qa8 Qc8 44. Qa7 Qc7 45. c6+ bxc6 46. b6 1-0